Postacie z Gothic II NK - Statystyki

Ogólne statystyki
  • Ten quiz został rozwiązany 378 razy
    374 od ostatniego zresetowania
  • Średni wynik to 111 z 255
Statystyki odpowiedzi
Odpowiedź % Poprawnych
Xardas
92%
Diego
89%
Lee
88%
Lester
87%
Andre
85%
Vatras
85%
Lord Hagen
84%
Bezimienny
82%
Gorn
82%
Kruk
82%
Lares
82%
Milten
81%
Saturas
81%
Greg
79%
Pyrokar
79%
Harad
77%
Lobart
76%
Onar
75%
Bosper
74%
Cavalorn
74%
Jack
74%
Thorben
74%
Wilk
74%
Matteo
73%
Skip
73%
Constantino
72%
Garond
72%
Lothar
70%
Pedro
70%
Sentenza
70%
Thorus
70%
Canthar
68%
Cipher
68%
Vino
68%
Bullko
66%
Dar
66%
Orlan
66%
Sara
66%
Torlof
66%
Akil
65%
Bloodwyn
65%
Cord
63%
Moe
63%
Valentino
63%
Jora
62%
Sekob
62%
Sylvio
62%
Bennet
61%
Zuris
61%
Cassia
60%
Fisk
60%
Rengaru
60%
Snaf
60%
Bengar
59%
Jack Aligator
59%
Sędzia
59%
Angar
57%
Cronos
57%
Riordian
57%
Wulfgar
57%
Baltram
56%
Bromor
56%
Hakon
56%
Rod
56%
Gritta
55%
Nadja
55%
Serpentes
55%
Buster
54%
Coragon
54%
Lucia
54%
Brian
53%
Huno
53%
Jarvis
53%
Kardif
53%
Pablo
53%
Ignaz
52%
Lehmar
52%
Maleth
52%
Hanna
50%
Mika
50%
Orik
50%
Ramirez
50%
Udar
50%
Attila
49%
Fernando
49%
Halvor
49%
Peck
49%
Bartok
48%
Esteban
48%
Fester
48%
Hilda
48%
Khaled
48%
Sagitta
48%
Thekla
48%
Carl
47%
Fortuno
47%
Nagur
47%
Raoul
47%
Alrik
45%
Daron
45%
Elvrich
45%
Bodo
44%
Randolph
44%
Babo
43%
Franko
43%
Herold
43%
Joe
43%
Sonja
43%
Ulf
43%
Ur-Shak
43%
Brahim
42%
Jan
42%
Salandril
42%
Scatty
42%
Gaan
41%
Gorax
41%
Jesper
41%
Lutero
41%
Mario
41%
Pepe
41%
Regis
41%
Rupert
41%
Till
41%
Cornelius
40%
Erol
40%
Malak
40%
Samuel
40%
Francis
39%
Garvell
39%
Gerbrandt
39%
Grimes
39%
Parcival
39%
Rosi
39%
Ruga
39%
Ulthar
39%
Czarny Mag
38%
Edda
38%
Henry
38%
Larius
38%
William
38%
Brago
37%
Brutus
37%
Fajeth
37%
Girion
37%
Meldor
37%
Parlan
37%
Paul
37%
Rukhar
37%
Sengrath
37%
Silvestro
37%
Wambo
37%
Albrecht
36%
Bilgot
36%
Bronko
36%
Dragomir
36%
Fellan
36%
Lennar
36%
Marcos
36%
Sergio
36%
Biff
35%
Hank
35%
Hosh-Pack
35%
Alwin
34%
Angus
34%
Balthasar
34%
Bill
34%
Grom
34%
Lucy
34%
Maria
34%
Senyan
34%
Vanja
34%
Bones
33%
Egill
33%
Eremita
33%
Garett
33%
Igaraz
33%
Keroloth
33%
Crimson
32%
Ehnim
32%
Emilio
32%
Farim
32%
Finn
32%
Isgaroth
32%
Juan
32%
Lance
32%
Logan
32%
Ogrodnik
32%
Talamon
32%
Brandon
31%
Rangar
31%
Ingmar
30%
Sancho
30%
Wasili
30%
Fenia
29%
Garaz
29%
Hodges
29%
Hyglas
29%
Pardos
29%
Talbin
29%
Agon
28%
Engrom
28%
Skinner
28%
Cedrik
27%
Elena
27%
Jorgen
27%
Karras
27%
Marduk
27%
Neoras
27%
Quarhodron
27%
Rademes
27%
Carlos
26%
Feros
26%
Tandor
26%
Alvares
25%
Den
25%
Grimbald
25%
Kati
25%
Mortis
25%
Owen
25%
Parlaf
25%
Gestath
24%
Jergan
24%
Rega
24%
Babera
23%
Dyrian
23%
Gunnar
23%
Inubis
23%
Niclas
23%
Tonak
23%
Engardo
22%
Engor
22%
Ramon
22%
Boltan
21%
Garwig
21%
Kurgan
21%
Abuyin ibn Djadir ibn Omar Kalid ben Hadji al Sharidi
20%
Edgor
20%
Gerold
20%
Hokurn
20%
Olav
20%
Rick
20%
Telbor
20%
Dobar
19%
Fed
19%
Kjorn
19%
Archol
18%
Rumbold
18%
Rethon
17%
Geppert
16%
Godar
16%
Morgahard
16%
Tengron
14%
Draal
13%
Kervo
13%
Rodrick
9%
Nie znaleziono quizów pasujących do podanych kryteriów
Rozkład punktacji
Procent ludzi z każdym wynikiem
Percentyl według liczby udzielonych odpowiedzi
Twoja historia wyników
Nie rozwiązałeś tego quizu od ostatniego zresetowania